000 004620000a22001810004500
003 LK-CoMWRAF
008 230817t ||||| |||| 00| 0 eng d
020 _a0195640470
040 _aLK-CoMWRAF
_dLK-CoMWRAF
_eLK-CoMWRAF
041 _aeng
082 _a020
_bOXF
245 _aOxford Elementary Learner's Dictionary(New)
_b
250 _aTwenty-First Edition
260 _bManzar Khan
_aNew Delhi
_c2004
300 _ap.428
650 _aDictionary
942 _cBK
999 _c829
_d829